000 00454nam a2200181Ia 4500
008 230711s9999||||xx |||||||||||||| ||und||
020 _a978-93-272-6973-4
041 _aENG
082 _a5.74
_bBH-S
100 _aBhatia,Parteek
245 0 _aSimplified approach to DBMS
250 _a1st Ed.
260 _c2004
_aNew Delhi
_bKalyani Publishers House
300 _a760p.
650 _aComputer Engineering
700 _aGurvinder Singh
942 _cBK
999 _c6358
_d6358